000
00290nam a2200109 a 4500
005
20201002044916.0
008
140402s1971 000 spa d
100
_a
Pushkin, Alejandro
_9
71496
245
3
_a
La hija del capitan.
260
_a
Madrid -- Libra,
_c
1971 -- 181 p.
999
_c
43155
_d
43155
040
_a
DO-SdBNP